Goldilocks and the Three Bears

Bibliographic Details
Other Authors: Spurgeon, Maureen
Format: Book
Published: England : Brown Watson , 2001
Subjects:

MARC

LEADER 00000cam a2200000 7i4500
001 0000004210
005 20220105103958.0
008 070725
020 |a 0709714149 
090 0 0 |a JP   |b FT ENG (3496) 
245 0 0 |a Goldilocks and the Three Bears   |c Text by Maureen Spurgeon 
260 |a England :   |b Brown Watson ,   |c 2001 
500 |a Children age 4-6 years old (yellow) 
650 0 |a Fairy tale 
650 0 |a Junior preschool   |x English   |x Languages 
700 1 |a Spurgeon, Maureen 
999 |a 0000973349   |b Book   |c Children Collection   |e Perbadanan Perpustakaan Awam Johor 
999 |a 0000973351   |b Book   |c Children Collection   |e Cawangan Bandar Tenggara 
999 |a 0000973352   |b Book   |c Children Collection   |e Perbadanan Perpustakaan Awam Johor 
999 |a 0000973353   |b Book   |c Children Collection   |e Perbadanan Perpustakaan Awam Johor